📖150premiers mots"Il est grand temps de rallumer les Ă©toiles"Grimaldi - Statistiques

Statistiques générales
  • Ce quiz a Ă©tĂ© pris 12 fois
  • Le rĂ©sultat moyen est 82 sur 150
Statistiques - réponses
Mots % Correct
Ă 
100%
a
100%
[Anna]
100%
- Anna,
100%
d'
100%
de
100%
et
100%
Il
100%
il
100%
j'
100%
Je
100%
l'
100%
le
100%
Le ...
100%
les
100%
m'
100%
n'
100%
s'
100%
Tony,
100%
Tony
100%
Toulouse.
100%
tu
100%
c'
90%
est
90%
la
90%
me
90%
Nous
90%
ce
80%
ma
80%
rien
80%
te
80%
temps.
80%
temps
80%
ai
70%
en
70%
pas
70%
que
70%
que,
70%
se
70%
un
70%
une
70%
y
70%
au
60%
autre
60%
des
60%
du
60%
était
60%
faire.
60%
mes
60%
sais
60%
suis
60%
avions
40%
dise
40%
Faut
40%
quand
40%
sont
40%
truc.
40%
va
40%
alors
30%
avant
30%
déjà
30%
déjà,
30%
fin
30%
premiers
30%
quelqu'
30%
tĂȘte
30%
viendras
30%
voir
30%
annoncer
20%
arrivent.
20%
clients
20%
Depuis
20%
dernier
20%
dernier,
20%
jambes
20%
monde,
20%
6,
10%
aider
10%
brouillée
10%
classement
10%
débarrasser
10%
devenues
10%
hissée
10%
installe.
10%
Lundi
10%
meilleurs
10%
mois,
10%
molles.
10%
oreilles
10%
restaurants
10%
service !
10%
service,
10%
seule
10%
table
10%
tour
10%
trois
10%
vue
10%
apportais
0%
Auberge
0%
autour
0%
blanche
0%
bondé.
0%
bouchées,
0%
brûlée
0%
consent
0%
conversation
0%
crĂšme
0%
effectue
0%
hier.
0%
maintenant,
0%
noue
0%
salle
0%
surpris
0%
tablier
0%
taille
0%
Aucun quiz correspondant
Distribution des résultats
% des personnes avec chaque résultat
Percentile par nombre de réponses
Votre historique - résultats
Vous n’avez pas pris ce quiz